Normal view
MARC view
- الصيانه-خدمات السيارات
Entry Topical Term
001 - CONTROL NUMBER
- control field: 7331
003 - CONTROL NUMBER IDENTIFIER
- control field: JO-AjAnu
005 - DATE AND TIME OF LATEST TRANSACTION
- control field: 20230606071503.0
008 - FIXED-LENGTH DATA ELEMENTS
- fixed length control field: 230606|| aca||aabn | a|a d
040 ## - CATALOGING SOURCE
- Original cataloging agency: JO-AjAnu
- Transcribing agency: JO-AjAnu
150 ## - HEADING--TOPICAL TERM
- Topical term or geographic name entry element: الصيانه-خدمات السيارات
670 ## - SOURCE DATA FOUND
- Source citation: Work cat.: (JO-AjAnu)3793: الشمري ، محمد عبد الرضا , author 7330, صيانة السيارات